From Command to Community : A New Approach to Leadership Education in Colleges and Universities

Na minha lista:
Detalhes bibliográficos
Main Authors: Longo, N.V (Author), Gibson, Cynthia M. (Author)
Formato: Livro
Idioma:inglês
Publicado em: Medford : Tufts University Press, 2011
Assuntos:
Tags: Adicionar Tag
Sem tags, seja o primeiro a adicionar uma tag!

MARC

LEADER 00000nam a22000003a 4500
001 stu240828
005 20150617230150.6
008 111220s2011----xxu-----------------eng-d
020 |a 978-1-58465-970-9 
040 |a STU  |b slo 
041 0 |a eng 
044 |a xxu 
080 |a 37 
100 1 |a Longo, N.V.  |4 aut 
245 1 |a From Command to Community :  |b A New Approach to Leadership Education in Colleges and Universities 
260 |a Medford :  |b Tufts University Press,  |c 2011 
300 |a 277 s 
650 7 |a vzdelávanie  |2 stusub 
700 1 |a Gibson, Cynthia M.  |4 aut 
996 |b 284M080571  |c M*13109-1  |l MMKN  |s A  |a 24  |w stu240828_0001